000 00373nam a2200133Ia 4500
008 240624s9999 xx 000 0 und d
041 _aeng
082 _a658.049 AHL
100 _aAHLSTROM DAVID
245 _aINTERNATIONAL MANAGEMENT STRATEGY AND CU
260 _c2010
_aAustralia
_bSouth-Western Cengage Learning
300 _axvii, : 504 : p. : cm. ; 27
365 _c
_b30
999 _c14952
_d14952